000
00514nam a2200169Ia 4500
008
090711s9999 xx 000 0 und d
082
_b
66918
100
_a
भावे पुरुषोत्तम भा.
245
_a
Sाकाट्या
260
_c
1991
300
_a
99
600
_a
भावे पुरुषोत्तम भा.
630
_a
Sाकाट्या
700
_a
भावे पुरुषोत्तम भा.
730
_a
Sाकाट्या
942
_c
BOOK
999
_c
292009
_d
292009